[Event "Rome City op 5th"]
[Site "Rome"]
[Date "2023.12.09"]
[Round "8"]
[White "Piesik, Piotr"]
[Black "Chia, Yu Zhe Ashton"]
[Result "1-0"]
[WhiteElo "2432"]
[BlackElo "2160"]
[PlyCount "47"]
[EventDate "2023.12.04"]
[EventType "swiss"]
[EventRounds "9"]
[EventCountry "ITA"]
[SourceTitle "CB50_2023"]
[SourceDate "2023.12.13"]
[SourceVersion "1"]
[SourceVersionDate "2023.12.13"]
[SourceQuality "1"]

1. d4 Nf6 2. c4 e6 3. Nc3 Bb4 4. Bf4 d6 5. e3 Nbd7 6. Bd3 e5 7. Bg5 0-0 8. Nge2 h6 9. Bh4 Qe8 10. 0-0 e4 11. Bc2 c6 12. a3 Bxc3 13. Nxc3 g5 14. Bg3 Qe7 15. f3 h5 16. fxe4 h4 17. Be1 Re8 18. c5 dxc5 19. e5 Nxe5 20. dxe5 Qxe5 21. Rxf6 Qxf6 22. Ne4 Rxe4 23. Bxe4 Qxb2 24. Qd8+ 1-0

[Event "Rome City op 5th"]
[Site "Rome"]
[Date "2023.12.05"]
[Round "2"]
[White "Vignesh, NR."]
[Black "Chia, Yu Zhe Ashton"]
[Result "1-0"]
[WhiteElo "2529"]
[BlackElo "2160"]
[PlyCount "55"]
[EventDate "2023.12.04"]
[EventType "swiss"]
[EventRounds "9"]
[EventCountry "ITA"]
[SourceTitle "CB50_2023"]
[SourceDate "2023.12.13"]
[SourceVersion "1"]
[SourceVersionDate "2023.12.13"]
[SourceQuality "1"]

1. e4 c5 2. Nf3 Nc6 3. Bb5 g6 4. 0-0 Bg7 5. c3 a6 6. Bxc6 dxc6 7. Qe2 Bg4 8. d3 Nf6 9. Nbd2 0-0 10. h3 Bxf3 11. Nxf3 Nd7 12. e5 e6 13. Re1 Qc7 14. h4 h5 15. Bf4 Nb6 16. Ng5 Nd5 17. Bh2 Ne7 18. Ne4 Nf5 19. Nxc5 Qe7 20. d4 b6 21. Na4 b5 22. Nc5 Qxh4 23. Qf3 Rfe8 24. a4 b4 25. a5 Qd8 26. Ne4 Rb8 27. Bf4 Rb5 28. Bg5 1-0

[Event "Wch U16"]
[Site "Montesilvano"]
[Date "2023.11.23"]
[Round "10"]
[White "Chia, Yu Zhe Ashton"]
[Black "Heinrich, John"]
[Result "1/2-1/2"]
[WhiteElo "2043"]
[BlackElo "2269"]
[PlyCount "108"]
[EventDate "2023.11.13"]
[EventType "swiss"]
[EventRounds "11"]
[EventCountry "ITA"]
[SourceTitle "CB48_2023"]
[SourceDate "2023.11.29"]
[SourceVersion "1"]
[SourceVersionDate "2023.11.29"]
[SourceQuality "1"]

1. e4 c5 2. Nc3 g6 3. Nge2 Bg7 4. g3 Nc6 5. Bg2 e6 6. d3 Nge7 7. Be3 Nd4 8. f4 d5 9. e5 Nef5 10. Bf2 h5 11. 0-0 f6 12. exf6 Qxf6 13. Re1 0-0 14. Nxd4 cxd4 15. Ne2 b5 16. h4 Bd7 17. Rc1 Rae8 18. c3 dxc3 19. bxc3 a5 20. Qb3 Kh7 21. Nd4 Rb8 22. a3 Rfc8 23. Bh3 b4 24. axb4 axb4 25. Bxf5 bxc3 26. Qa3 exf5 27. Rxc3 Ra8 28. Qc1 Qxd4 29. Bxd4 Bxd4+ 30. Kg2 Ra2+ 31. Kh3 Rxc3 32. Re7+ Kg8 33. Qh1 Bc6 34. Re6 Kh7 35. Re7+ Kh6 36. Re1 Rcc2 37. Rc1 Rh2+ 38. Qxh2 Rxh2+ 39. Kxh2 Bb5 40. Rb1 Ba6 41. Rb3 Bc5 42. Kg2 Kg7 43. Kf3 Kf7 44. Ke2 Ke6 45. Rc3 Kd6 46. Rb3 Kc7 47. Rb1 Bb6 48. Rc1+ Kb7 49. Rb1 Kc6 50. Rb2 Bb5 51. Rb1 Bc5 52. Ra1 Bb6 53. Rb1 Ba4 54. Rb4 Bb5 1/2-1/2

[Event "Hanoi IM-B"]
[Site "Hanoi"]
[Date "2023.06.02"]
[Round "7"]
[White "Wynn, Zaw Htung"]
[Black "Chia, Yu Zhe Ashton"]
[Result "1-0"]
[WhiteElo "2423"]
[BlackElo "2191"]
[PlyCount "47"]
[EventDate "2023.05.30"]
[EventType "tourn"]
[EventRounds "9"]
[EventCountry "VIE"]
[SourceTitle "EXT 2024"]
[Source "ChessBase"]
[SourceDate "2023.10.10"]
[SourceVersion "1"]
[SourceVersionDate "2023.10.10"]
[SourceQuality "1"]

1. Nf3 Nf6 2. g3 b5 3. Bg2 Bb7 4. 0-0 e6 5. d3 c5 6. e4 d6 7. Qe2 Be7 8. a4 b4 9. a5 0-0 10. Nbd2 a6 11. Nc4 Nc6 12. Re1 Nd7 13. Bf4 e5 14. Bd2 f5 15. exf5 Rxf5 16. c3 Rb8 17. h4 Qc7 18. Ne3 Rff8 19. Nd5 Qd8 20. Ng5 Bxg5 21. Bxg5 Qe8 22. Nc7 Qg6 23. Be4 Nd4 24. cxd4 1-0

[Event "Hanoi IM-B"]
[Site "Hanoi"]
[Date "2023.06.01"]
[Round "6"]
[White "Chia, Yu Zhe Ashton"]
[Black "Tran, Dang Minh Quang"]
[Result "0-1"]
[WhiteElo "2191"]
[BlackElo "2185"]
[PlyCount "114"]
[EventDate "2023.05.30"]
[EventType "tourn"]
[EventRounds "9"]
[EventCountry "VIE"]
[SourceTitle "EXT 2024"]
[Source "ChessBase"]
[SourceDate "2023.10.10"]
[SourceVersion "1"]
[SourceVersionDate "2023.10.10"]
[SourceQuality "1"]

1. e4 c5 2. c3 d5 3. exd5 Qxd5 4. d4 Nc6 5. Nf3 Bg4 6. Be2 e6 7. h3 Bh5 8. c4 Qd7 9. d5 Bxf3 10. Bxf3 Nd4 11. Be3 e5 12. 0-0 Bd6 13. b4 Nf6 14. Bxd4 exd4 15. Re1+ Kf8 16. bxc5 Bxc5 17. Nd2 Rc8 18. Rc1 Bb4 19. Re2 Ba3 20. Rb1 b6 21. Qb3 Bc5 22. Qd3 g6 23. Nb3 Kg7 24. Nxd4 h5 25. Rd1 Rhe8 26. Nb3 Bd6 27. Nd4 Rxe2 28. Bxe2 Re8 29. Bf3 h4 30. Kf1 a6 31. Nb3 Qa4 32. Qc2 Rc8 33. Be2 b5 34. Nd4 Qxc2 35. Nxc2 a5 36. Nd4 bxc4 37. Nb5 Be5 38. Na7 Rc5 39. Rc1 c3 40. Nc6 Bf4 41. Rc2 Nxd5 42. Bf3 Nb6 43. Ke2 Bg5 44. Kd3 Bf6 45. Nd4 Na4 46. Be4 Nb2+ 47. Ke3 Nc4+ 48. Kd3 Nb2+ 49. Ke3 Rc4 50. Ne2 Nd1+ 51. Kd3 Rc7 52. Nf4 Nb2+ 53. Ke2 Bd4 54. f3 Rc8 55. Nd5 f5 56. Ne7 Re8 57. Nc6 Bf6 0-1

[Event "Hanoi IM-B"]
[Site "Hanoi"]
[Date "2023.05.31"]
[Round "3"]
[White "Cox, Tristan"]
[Black "Chia, Yu Zhe Ashton"]
[Result "0-1"]
[WhiteElo "2065"]
[BlackElo "2191"]
[PlyCount "46"]
[EventDate "2023.05.30"]
[EventType "tourn"]
[EventRounds "9"]
[EventCountry "VIE"]
[SourceTitle "EXT 2024"]
[Source "ChessBase"]
[SourceDate "2023.10.10"]
[SourceVersion "1"]
[SourceVersionDate "2023.10.10"]
[SourceQuality "1"]

1. Nf3 Nf6 2. c4 b6 3. g3 e6 4. Bg2 Bb7 5. 0-0 g6 6. Nc3 Bg7 7. d4 Ne4 8. Qc2 Nxc3 9. bxc3 0-0 10. a4 Nc6 11. Ba3 d6 12. c5 Na5 13. Bb4 Nc4 14. a5 bxc5 15. dxc5 Re8 16. cxd6 cxd6 17. a6 Bc6 18. Rfd1 f5 19. Nd2 Ne5 20. f4 Qb6+ 21. e3 Qxe3+ 22. Kh1 Bxg2+ 23. Kxg2 Qe2+ 0-1

[Event "Hanoi IM"]
[Site "Hanoi"]
[Date "2023.05.25"]
[Round "7"]
[White "Chia, Yu Zhe Ashton"]
[Black "Nguyen, Van Huy"]
[Result "0-1"]
[WhiteElo "2191"]
[BlackElo "2342"]
[PlyCount "128"]
[EventDate "2023.05.22"]
[EventType "tourn"]
[EventRounds "9"]
[EventCountry "VIE"]
[EventCategory "2"]
[SourceTitle "CBM 214 Extra"]
[Source "ChessBase"]
[SourceDate "2023.07.31"]
[SourceVersion "1"]
[SourceVersionDate "2023.07.31"]
[SourceQuality "1"]

1. e4 c6 2. d4 d5 3. Nc3 dxe4 4. Nxe4 Bf5 5. Ng3 Bg6 6. h4 h6 7. Nf3 Nd7 8. h5 Bh7 9. Bd3 Bxd3 10. Qxd3 e6 11. Bf4 Qa5+ 12. Bd2 Bb4 13. Ne4 Ngf6 14. Nd6+ Ke7 15. Nxb7 Bxd2+ 16. Nxd2 Qb4 17. Qb3 Qxd4 18. 0-0-0 Rab8 19. Qa3+ c5 20. Na5 Rhc8 21. Ndc4 Qf4+ 22. Qe3 Qxe3+ 23. Nxe3 Nb6 24. Rh4 Rc7 25. f3 Rd8 26. Nac4 Nxc4 27. Nxc4 Rd5 28. g4 Rxd1+ 29. Kxd1 Nd5 30. Ke2 Rd7 31. Rh1 Nf4+ 32. Kf2 f5 33. Re1 Rd4 34. b3 Kf6 35. Kg3 Nd5 36. a4 Ne7 37. Re2 Rd5 38. Ne3 Rd8 39. Nc4 Nc6 40. gxf5 Nd4 41. Re5 Nxf5+ 42. Kf2 Rd5 43. Rxd5 exd5 44. Na5 Ne7 45. Nb7 c4 46. bxc4 dxc4 47. Nd6 Kg5 48. Nxc4 Kxh5 49. Ne3 Kg5 50. c4 Kf4 51. a5 h5 52. a6 g5 53. Nd1 Ke5 54. Nc3 Nc6 55. Ne4 Nb4 56. Nxg5 Nxa6 57. Ke3 Nc5 58. f4+ Kf5 59. Kd4 Ne6+ 60. Nxe6 Kxe6 61. c5 h4 62. c6 Kd6 63. f5 Kxc6 64. Ke5 h3 0-1

[Event "Hanoi IM"]
[Site "Hanoi"]
[Date "2023.05.24"]
[Round "6"]
[White "Hemant, Sharma"]
[Black "Chia, Yu Zhe Ashton"]
[Result "1-0"]
[WhiteElo "2374"]
[BlackElo "2191"]
[PlyCount "65"]
[EventDate "2023.05.22"]
[EventType "tourn"]
[EventRounds "9"]
[EventCountry "VIE"]
[EventCategory "2"]
[SourceTitle "CBM 214 Extra"]
[Source "ChessBase"]
[SourceDate "2023.07.31"]
[SourceVersion "1"]
[SourceVersionDate "2023.07.31"]
[SourceQuality "1"]

1. c4 e5 2. Nc3 Nc6 3. g3 f5 4. Bg2 Nf6 5. e3 e4 6. d3 Bb4 7. Bd2 Ne5 8. dxe4 Nd3+ 9. Ke2 Bxc3 10. Bxc3 fxe4 11. f3 d5 12. cxd5 0-0 13. fxe4 Nc5 14. Qd4 b6 15. Kd2 Qe7 16. e5 Ng4 17. Nh3 Bf5 18. Raf1 Ne6 19. Qc4 b5 20. Qxb5 Ng5 21. Nxg5 Qxg5 22. Rf4 Rad8 23. Qc5 Rfe8 24. h4 Qg6 25. h5 Qg5 26. Rhf1 Nh6 27. e4 Bg4 28. Qe3 Qxh5 29. Kc2 c6 30. e6 cxd5 31. exd5 Bf5+ 32. Kc1 Qh2 33. Qxa7 1-0

[Event "Sitges Sunway op 9th"]
[Site "Sitges"]
[Date "2022.12.16"]
[Round "5"]
[White "Chia, Yu Zhe Ashton"]
[Black "Gasic Merino, Franco Ignacio"]
[Result "1-0"]
[WhiteElo "1970"]
[BlackElo "2195"]
[PlyCount "111"]
[EventDate "2022.12.12"]
[EventType "swiss"]
[EventRounds "10"]
[EventCountry "ESP"]
[SourceTitle "CBM 211 Extra"]
[Source "ChessBase"]
[SourceDate "2023.01.31"]
[SourceVersion "1"]
[SourceVersionDate "2023.01.31"]
[SourceQuality "1"]

1. e4 c5 2. c3 d5 3. exd5 Nf6 4. Qa4+ Nbd7 5. c4 b5 6. Qxb5 Rb8 7. Qa4 e6 8. d3 exd5 9. Be2 Bd6 10. Nf3 0-0 11. Qc2 Re8 12. Nc3 Ne5 13. cxd5 Nfg4 14. Ne4 f5 15. Bg5 Qb6 16. Nxe5 Bxe5 17. Bxg4 fxe4 18. Bxc8 exd3 19. Qxd3 Bc3+ 20. Kf1 Qxb2 21. Rd1 Rbxc8 22. d6 Bd4 23. Bh4 Rf8 24. Qb3+ Qxb3 25. axb3 Rf7 26. Ke2 Rc6 27. Be7 Rxf2+ 28. Kd3 Bf6 29. Rhe1 Kf7 30. Kc4 Rf4+ 31. Kd5 Rb6 32. Bxf6 Rxf6 33. Kxc5 Rb8 34. Re7+ Kf8 35. Rxa7 Rf2 36. d7 Rd8 37. Ra4 Rxg2 38. Rf4+ Ke7 39. Re4+ Kf7 40. Kb6 Rc2 41. Rc4 Ra2 42. Kc7 Raa8 43. Ra4 Rab8 44. Rdd4 Rg8 45. d8Q Rgxd8 46. Rxd8 Rxb3 47. Rd7+ Kf6 48. Ra6+ Kf5 49. Rxg7 Rh3 50. Ra2 h5 51. Rf2+ Ke4 52. Rg3 Rh4 53. Kd6 Kd4 54. Ra2 Ke4 55. Ra4+ Kf5 56. Rxh4 1-0

[Event "Sitges Sunway op 9th"]
[Site "Sitges"]
[Date "2022.12.15"]
[Round "4"]
[White "Voiteanu, Christian Gabriel"]
[Black "Chia, Yu Zhe Ashton"]
[Result "1/2-1/2"]
[WhiteElo "2152"]
[BlackElo "1970"]
[PlyCount "124"]
[EventDate "2022.12.12"]
[EventType "swiss"]
[EventRounds "10"]
[EventCountry "ESP"]
[SourceTitle "CBM 211 Extra"]
[Source "ChessBase"]
[SourceDate "2023.01.31"]
[SourceVersion "1"]
[SourceVersionDate "2023.01.31"]
[SourceQuality "1"]

1. d4 Nf6 2. c4 e6 3. g3 Bb4+ 4. Bd2 Qe7 5. Bg2 Nc6 6. Nf3 Bxd2+ 7. Nbxd2 d6 8. e4 a5 9. 0-0 e5 10. d5 Nb8 11. Ne1 h5 12. h4 0-0 13. Nd3 b6 14. b3 Bg4 15. Bf3 Na6 16. Re1 Nc5 17. Qe2 Qd7 18. a3 Bxf3 19. Qxf3 Qh3 20. b4 Nxd3 21. Qxd3 Ng4 22. Qf3 Qh2+ 23. Kf1 f5 24. Qg2 fxe4 25. Nxe4 axb4 26. Qxh2 Nxh2+ 27. Kg2 Nf3 28. Reb1 Rxa3 29. Rxa3 bxa3 30. Ra1 Nd4 31. Rxa3 Kh7 32. Ra7 Rc8 33. f3 Kg6 34. g4 Nb3 35. Kg3 Nc5 36. Nc3 hxg4 37. Kxg4 Nd7 38. Nb5 Nf6+ 39. Kg3 Ne8 40. Kg4 Nf6+ 41. Kg3 Ne8 42. Kg4 c6 43. dxc6 Rxc6 44. Ra4 Nf6+ 45. Kg3 Kf5 46. Ra7 Nh5+ 47. Kf2 g6 48. Ra8 Ng7 49. Rc8 Rxc8 50. Nxd6+ Kf4 51. Nxc8 e4 52. Nxb6 exf3 53. c5 Ne6 54. c6 Nc7 55. Nd7 Kg4 56. Ne5+ Kxh4 57. Nxf3+ Kg4 58. Ke3 Kf5 59. Kd4 Ke6 60. Kc5 Na6+ 61. Kb5 Kd6 62. Nd4 Nb8 1/2-1/2

[Event "Benidorm Bali op-A"]
[Site "Benidorm"]
[Date "2022.12.08"]
[Round "7"]
[White "Shaik, Sumer Arsh"]
[Black "Chia, Yu Zhe Ashton"]
[Result "1-0"]
[WhiteElo "2290"]
[BlackElo "1970"]
[PlyCount "85"]
[EventDate "2022.12.03"]
[EventType "swiss"]
[EventRounds "9"]
[EventCountry "ESP"]
[SourceTitle "CBM 211 Extra"]
[Source "ChessBase"]
[SourceDate "2023.01.31"]
[SourceVersion "1"]
[SourceVersionDate "2023.01.31"]
[SourceQuality "1"]

1. Nf3 Nf6 2. c4 e6 3. g3 b6 4. Bg2 Bb7 5. 0-0 Be7 6. Nc3 c5 7. d4 cxd4 8. Qxd4 Nc6 9. Qf4 a6 10. Rd1 0-0 11. e4 d6 12. b3 Qc7 13. Ba3 Rfd8 14. Rac1 Ne5 15. h3 Rac8 16. Qe3 Nxf3+ 17. Bxf3 h6 18. Qd4 Rb8 19. h4 Ba8 20. Bb2 Bf8 21. Qe3 Be7 22. Ne2 Nd7 23. Nf4 Ne5 24. Bg2 Bf8 25. Nh5 f6 26. Qe2 Qf7 27. Nf4 g6 28. b4 Bc6 29. Nd3 Rbc8 30. f4 Nxd3 31. Qxd3 b5 32. Qd4 Be7 33. Bf1 Kh7 34. cxb5 axb5 35. a4 f5 36. exf5 gxf5 37. Bxb5 Bf3 38. Rf1 Bd5 39. Kh2 Rg8 40. Rxc8 Rxc8 41. Bd3 Qg6 42. Rc1 Bxh4 43. Qa7+ 1-0

[Event "Tanglin op"]
[Site "Singapore"]
[Date "2022.06.01"]
[Round "8"]
[White "Wong, Yen Hsiu Elliot"]
[Black "Chia, Yu Zhe Ashton"]
[Result "0-1"]
[WhiteElo "1490"]
[BlackElo "1891"]
[PlyCount "64"]
[EventDate "2022.05.28"]
[EventType "swiss"]
[EventRounds "9"]
[EventCountry "SIN"]
[SourceTitle "CBM 208 Extra"]
[Source "ChessBase"]
[SourceDate "2022.07.31"]
[SourceVersion "1"]
[SourceVersionDate "2022.07.31"]
[SourceQuality "1"]

1. d4 Nf6 2. c4 e6 3. Nf3 b6 4. Nc3 Bb4 5. Bd2 Bb7 6. e3 0-0 7. Bd3 c5 8. 0-0 d5 9. cxd5 cxd4 10. exd4 Bxc3 11. bxc3 Bxd5 12. Re1 Nbd7 13. Ne5 Nxe5 14. Rxe5 h6 15. h3 Rc8 16. Qc1 Nh7 17. g4 f6 18. Rh5 Ng5 19. Kf1 Bb7 20. h4 Qd5 21. hxg5 Qg2+ 22. Ke1 Qg1+ 23. Bf1 fxg5 24. Be3 Ba6 25. Kd2 Rxf2+ 26. Bxf2 Qxf2+ 27. Kd1 Qxf1+ 28. Kc2 Bd3+ 29. Kb3 Qg2 30. a4 Rf8 31. Ra2 Bc4+ 32. Kxc4 Qxa2+ 0-1

[Event "SIN-ch 73rd"]
[Site "Singapore"]
[Date "2022.02.05"]
[Round "8"]
[White "Chia, Yu Zhe Ashton"]
[Black "Tin, Jingyao"]
[Result "0-1"]
[WhiteElo "1960"]
[BlackElo "2497"]
[PlyCount "50"]
[EventDate "2022.01.21"]
[EventType "swiss"]
[EventRounds "9"]
[EventCountry "SIN"]
[SourceTitle "EXT 2023"]
[Source "ChessBase"]
[SourceDate "2022.10.05"]
[SourceVersion "1"]
[SourceVersionDate "2022.10.05"]
[SourceQuality "1"]

1. e4 e5 2. Nf3 Nc6 3. d4 exd4 4. Nxd4 Qf6 5. Nb5 Bc5 6. Qe2 Bb6 7. N1c3 Nge7 8. Be3 Ba5 9. 0-0-0 a6 10. Nd5 Nxd5 11. exd5 axb5 12. Bd4+ Qe7 13. dxc6 bxc6 14. Bxg7 Qxe2 15. Bxe2 Rg8 16. Bf6 d5 17. g3 Bf5 18. Bf3 Kd7 19. a3 b4 20. a4 b3 21. c4 Bb4 22. cxd5 Rxa4 23. Bc3 Bxc3 24. dxc6+ Kc8 25. bxc3 Ra2 0-1

[Event "Pattaya op 1st"]
[Site "Pattaya"]
[Date "2019.07.10"]
[Round "2"]
[White "Vahidov, Tair"]
[Black "Chia, Yu Zhe Ashton"]
[Result "1-0"]
[WhiteElo "2402"]
[BlackElo "1730"]
[PlyCount "121"]
[EventDate "2019.07.09"]
[EventType "swiss"]
[EventRounds "9"]
[EventCountry "THA"]
[SourceTitle "EXT 2020"]
[Source "ChessBase"]
[SourceDate "2019.10.17"]
[SourceVersion "1"]
[SourceVersionDate "2019.10.17"]
[SourceQuality "1"]

1. c4 e5 2. g3 Nc6 3. Bg2 f5 4. Nc3 Nf6 5. e3 Bb4 6. Nge2 0-0 7. 0-0 Bxc3 8. Nxc3 d6 9. d3 Be6 10. Nd5 Rb8 11. Bd2 Ne7 12. Nxf6+ Rxf6 13. f4 Rf8 14. Bc3 Ng6 15. b3 c5 16. d4 e4 17. Qe2 Qc7 18. Rfd1 Rfd8 19. Rac1 b6 20. Rd2 Rbc8 21. Rcd1 a6 22. Bh3 d5 23. cxd5 Rxd5 24. dxc5 Rxd2 25. Qxd2 Qxc5 26. Bd4 Qc6 27. Bb2 Rc7 28. Rc1 Qd7 29. Qxd7 Rxc1+ 30. Bxc1 Bxd7 31. Bf1 b5 32. Ba3 Kf7 33. Kf2 Ne7 34. Ke1 Nd5 35. Kd2 Ke6 36. Bc5 g6 37. Be2 Nc7 38. Kc3 Kd5 39. Bb6 Kc6 40. Bxc7 Kxc7 41. Kd4 Kd6 42. b4 Be6 43. a3 Bd5 44. g4 Bf7 45. Bd1 h6 46. h4 Be6 47. gxf5 gxf5 48. a4 bxa4 49. Bxa4 Bf7 50. Bd1 Be6 51. Bh5 Bb3 52. Be2 a5 53. bxa5 Bd5 54. a6 Bc6 55. Bh5 Ke6 56. Kc5 Ba8 57. Be2 Kd7 58. Bc4 Bc6 59. Be6+ Kc7 60. Bxf5 Ba8 61. Be6 1-0

[Event "Penang op 10th"]
[Site "Penang"]
[Date "2018.12.05"]
[Round "5"]
[White "Chia, Yu Zhe Ashton"]
[Black "Khandhar, Kaushal"]
[Result "0-1"]
[WhiteElo "1654"]
[BlackElo "1878"]
[PlyCount "74"]
[EventDate "2018.12.03"]
[EventType "swiss"]
[EventRounds "9"]
[EventCountry "MAS"]
[SourceTitle "CBM 187 Extra"]
[Source "ChessBase"]
[SourceDate "2018.11.04"]
[SourceVersion "1"]
[SourceVersionDate "2018.11.04"]
[SourceQuality "1"]

1. e4 e6 2. d4 d5 3. Nc3 dxe4 4. Nxe4 Nd7 5. Nf3 Ngf6 6. Bg5 h6 7. Bxf6 Nxf6 8. Bd3 Be7 9. 0-0 0-0 10. c3 b6 11. Qe2 Bb7 12. Rad1 Qd5 13. c4 Qa5 14. a3 c5 15. Nxf6+ Bxf6 16. Be4 Bxe4 17. Qxe4 cxd4 18. Nxd4 Qa4 19. Nb5 a6 20. Nc3 Bxc3 21. bxc3 Qxa3 22. Rd3 Rfc8 23. Rg3 Qc5 24. Qf4 Kf8 25. Rd1 Rd8 26. Rf1 Ra7 27. h4 a5 28. Qe4 Kg8 29. Qf4 Kh8 30. Re1 a4 31. Re5 Qf8 32. Rh5 a3 33. Qe5 f6 34. Qe1 a2 35. Qa1 Qd6 36. Rd5 exd5 37. Rd3 Qc5 0-1

[Event "Penang op 10th"]
[Site "Penang"]
[Date "2018.12.05"]
[Round "4"]
[White "Sreenivasan, Brandon Tien"]
[Black "Chia, Yu Zhe Ashton"]
[Result "0-1"]
[WhiteElo "1493"]
[BlackElo "1654"]
[PlyCount "48"]
[EventDate "2018.12.03"]
[EventType "swiss"]
[EventRounds "9"]
[EventCountry "MAS"]
[SourceTitle "CBM 187 Extra"]
[Source "ChessBase"]
[SourceDate "2018.11.04"]
[SourceVersion "1"]
[SourceVersionDate "2018.11.04"]
[SourceQuality "1"]

1. e4 c5 2. Nf3 Nc6 3. d4 cxd4 4. Nxd4 g6 5. Be3 Bg7 6. Nc3 Nf6 7. f3 0-0 8. Qd2 d5 9. exd5 Nxd5 10. Nxc6 bxc6 11. Nxd5 cxd5 12. c3 e5 13. 0-0-0 Bb7 14. h4 h5 15. Be2 Qa5 16. Kb1 Rfc8 17. Rhg1 Rab8 18. g4 Qa4 19. gxh5 d4 20. hxg6 f5 21. Bxd4 exd4 22. Qf4 Be4+ 23. fxe4 dxc3 24. Bc4+ Qxc4 0-1

[Event "Penang op 10th"]
[Site "Penang"]
[Date "2018.12.03"]
[Round "1"]
[White "Chia, Yu Zhe Ashton"]
[Black "Aris, TLS"]
[Result "0-1"]
[WhiteElo "1654"]
[BlackElo "2094"]
[PlyCount "79"]
[EventDate "2018.12.03"]
[EventType "swiss"]
[EventRounds "9"]
[EventCountry "MAS"]
[SourceTitle "CBM 187 Extra"]
[Source "ChessBase"]
[SourceDate "2018.11.04"]
[SourceVersion "1"]
[SourceVersionDate "2018.11.04"]
[SourceQuality "1"]

1. e4 e6 2. d4 d5 3. Nc3 dxe4 4. Nxe4 Nd7 5. Nf3 Ngf6 6. Bg5 Be7 7. Bxf6 Nxf6 8. Bd3 Nxe4 9. Bxe4 c5 10. c3 cxd4 11. Nxd4 a6 12. Qf3 Qc7 13. 0-0 0-0 14. Rad1 Rb8 15. h3 g6 16. Rfe1 Re8 17. Ne2 Bf8 18. Nf4 Bh6 19. Ne2 Bg7 20. h4 b5 21. h5 f5 22. Bc2 Bb7 23. Qg3 Qxg3 24. Nxg3 Bd5 25. Bb3 Bxb3 26. axb3 b4 27. c4 Bxb2 28. Rd6 Kf7 29. Rxa6 Rbd8 30. Ra7+ Re7 31. Rxe7+ Kxe7 32. Rb1 Rd2 33. hxg6 hxg6 34. Nf1 Re2 35. Ne3 Bd4 36. Kf1 Rd2 37. g3 Kd6 38. Ke1 Ra2 39. Kf1 Kc5 40. Ke1 0-1